000 00217nam a2200085Ia 4500
008 260210s9999 xx 000 0 und d
020 _a9788997079742
245 0 _aB:DMP:PUBLIC LANDSCAPEI:STREET FURNITUREI
942 _cBDES
999 _c14121
_d14121